MyGZULibrary

The administrative process / (Record no. 8694)

MARC details
000 -LEADER
fixed length control field 01041pam a2200313 a 4500
001 - CONTROL NUMBER
control field 2404948
003 - CONTROL NUMBER IDENTIFIER
control field GZU
005 - DATE AND TIME OF LATEST TRANSACTION
control field 20210524100439.0
008 - FIXED-LENGTH DATA ELEMENTS--GENERAL INFORMATION
fixed length control field 860331s1986 mnu b 001 0 eng
010 ## - LIBRARY OF CONGRESS CONTROL NUMBER
LC control number 86009071
020 ## - INTERNATIONAL STANDARD BOOK NUMBER
International Standard Book Number 0314996435 :
Terms of availability $32.95
040 ## - CATALOGING SOURCE
Original cataloging agency DLC
Transcribing agency DLC
Modifying agency DLC
043 ## - GEOGRAPHIC AREA CODE
Geographic area code n-us---
050 00 - LIBRARY OF CONGRESS CALL NUMBER
Classification number KF5407.A4 ROB 1986
Item number R62 1986
082 00 - DEWEY DECIMAL CLASSIFICATION NUMBER
Classification number 342.73/066
-- 347.30266
Edition number 19
100 1# - MAIN ENTRY--PERSONAL NAME
Personal name Robinson, Glen O.
245 14 - TITLE STATEMENT
Title The administrative process /
Statement of responsibility, etc. by Glen O. Robinson, Ernest Gellhorn, Harold H. Bruff.
250 ## - EDITION STATEMENT
Edition statement 3rd ed.
260 ## - PUBLICATION, DISTRIBUTION, ETC.
Place of publication, distribution, etc. St. Paul, Minn. :
Name of publisher, distributor, etc. West Pub. Co.,
Date of publication, distribution, etc. 1986.
300 ## - PHYSICAL DESCRIPTION
Extent xxxiv, 978 p. ;
Dimensions 26 cm.
440 #0 - SERIES STATEMENT/ADDED ENTRY--TITLE
Title American casebook series
504 ## - BIBLIOGRAPHY, ETC. NOTE
Bibliography, etc. note Includes bibliographical references and index.
650 #0 - SUBJECT ADDED ENTRY--TOPICAL TERM
Topical term or geographic name entry element Administrative procedure
Geographic subdivision United States
General subdivision Cases.
650 #0 - SUBJECT ADDED ENTRY--TOPICAL TERM
Topical term or geographic name entry element Administrative agencies
Geographic subdivision United States.
700 1# - ADDED ENTRY--PERSONAL NAME
Personal name Gellhorn, Ernest.
700 1# - ADDED ENTRY--PERSONAL NAME
Personal name Bruff, Harold H.,
Dates associated with a name 1944-
906 ## - LOCAL DATA ELEMENT F, LDF (RLIN)
a 7
b cbc
c orignew
d 1
e ocip
f 19
g y-gencatlg
942 ## - ADDED ENTRY ELEMENTS (KOHA)
Source of classification or shelving scheme Library of Congress Classification
Koha item type Books
Edition 3rd ed.
Classification part 5407.A4
Item part ROB
Call number prefix KF
Holdings
Withdrawn status Lost status Damaged status Not for loan Collection code Home library Current library Shelving location Date acquired Total Checkouts Full call number Barcode Date last seen Copy number Price effective from Koha item type
        Non-fiction Law Library Law Library General Stacks 05/24/2021   KF5407.A4 ROB 1986 025409 05/24/2021 c.1 05/24/2021 Books